| 000 | 00000nam##2200000za#4500 |
| 001 | 9.625691 |
| 003 | CaOODSP |
| 005 | 20200421163414 |
| 007 | ta |
| 008 | 150406|1999||||xxc||||| f|0| 0 fre|d |
| 020 | |a0-662-85966-9 |
| 040 | |aCaOODSP|bfre |
| 043 | |an-cn--- |
| 086 | 1 |aNH18-24/12F |
| 110 | 2 |aSociété canadienne d'hypothèques et de logement. |
| 245 | 10|aSoins à donner aux arbres endommagés par une tempête |
| 260 | |aOttawa - Ontario : |bSociété canadienne d'hypothèques et de logement |c1999. |
| 300 | |a4p. : |bill. ; |c28 cm. |
| 490 | 1 |aVotre maison |vCF12 |
| 563 | |aDépliant |
| 590 | |a01-22|b2001-06-01 |
| 691 | 07|aArbre|2gcpds |
| 691 | 07|aTempête|2gcpds |
| 775 | 08|tHelping your trees survive storm damage |w(CaOODSP)9.615642 |
| 776 | 0#|tLe soin des arbres après la tempête |w(CaOODSP)9.602209 |
| 830 | #0|aVotre maison ;|vCF12|w(CaOODSP)9.513181 |